| 000 | 00420nam a22001457a 4500 | ||
|---|---|---|---|
| 005 | 20260430120533.0 | ||
| 008 | 171004b xxu||||| |||| 00| 0 eng d | ||
| 040 | _cPK-LaUMT | ||
| 082 |
_aZIAC 297.05 _bABU-M |
||
| 100 | 1 |
_aMaududi, Syed Abul Ala _911418 |
|
| 245 |
_aMahnama tarjuman ul Quran/ _cAbul Ala Maududi |
||
| 260 |
_aلاہور: _bادارہ ترجمان القرآن، _c2003 |
||
| 300 | _a108 ص | ||
| 942 | _cBK | ||
| 999 |
_c98780 _d98780 |
||